Logo BPK

Bibliografia Prac Pracowników

Politechniki Koszalińskiej

Bauteile fur den Strassenbau / (Rekord nr 7299)

Szczegóły MARC
000 -ETYKIETA REKORDU
podpole kontrolne o stałej długości 00868nab a22001937a 4500
003 - IDENTYFIKATOR NUMERU KONTROLNEGO REKORDU
podpole kontrolne BPK
005 - DATA OSTATNIEJ MODYFIKACJI REKORDU
podpole kontrolne 20160216100608.0
008 - POLE O STAŁEJ DŁUGOŚCI - DANE KONTROLNE
podpole kontrolne o stałej długości 160216b1986 gw ||||| |||| 00| ||ger
040 ## - ŹRÓDŁO KATALOGOWANIA
Instytucja, która utworzyła rekord BPK
041 ## - KOD JĘZYKA
Kod języka tekstu ger
044 ## - KOD KRAJU WYDAWCY/PRODUCENTA
Kod kraju wydawcy/producenta DEU
100 ## - NAZWA OSOBOWA
Nazwa osobowa MARCINKOWSKI, Stefan.
Lata pracy 1969 - 1992.
Instytucja Wyższa Szkoła Inżynierska w Koszalinie - Wydział Inżynierii Lądowej i Sanitarnej,
Wydział Zakład Podstaw Budownictwa i Technologii Materiałów Budowlanych
245 ## - TYTUŁ/ODPOWIEDZIALNOŚĆ
Tytuł Bauteile fur den Strassenbau /
Pozostałe elementy strefy tytułu i oznaczenia odpowiedzialności Stefan Marcinkowski, Henryk Dondelewski.
260 ## - STREFA ADRESU WYDAWNICZEGO
Data publikacji, dystrybucji/powstania dokumentu 1986.
500 ## - UWAGI OGÓLNE
Tekst uwagi Dane z kartoteki bpp.
700 ## - HASŁO DODATKOWE - NAZWA OSOBOWA
Nazwa osobowa DONDELEWSKI, Henryk.
Lata pracy 1973 - 1996.
Instytucja Wyższa Szkoła Inżynierska w Koszalinie - Wydział Inżynierii Lądowej i Sanitarnej,
Wydział Zakład Budownictwa i Materiałów Budowlanych
773 ## - TYTUŁ DOKUMENTU MACIERZYSTEGO
Wyrażenie wprowadzające W :
Tytuł TIS Tiefbau. Ingenieurbau. Strassenbau. -
Informacje dotyczące relacji 1986, nr 9
942 ## - HASŁO DODATKOWE - ELEMENTY(KOHA)
Typ dokumentu Artykuł
Schemat klasyfikacji Uniwersalna klasyfikacja dziesiętna

Brak dostępnych egzemplarzy.

© 2014 Biblioteka Politechniki Koszalińskiej :: BIBLIOGRAFIA PRAC PRACOWNIKÓW